| 000 | 00397nam a2200157Ia 4500 | ||
|---|---|---|---|
| 008 | 230312s9999||||xx |||||||||||||| ||und|| | ||
| 020 | _a0-471-48323-9 | ||
| 082 |
_a657.3 _bORE |
||
| 100 | _aOregan, Philip | ||
| 245 | 0 | _aFinancial Information Analysis | |
| 260 |
_bJohn Wiley & Sons _aNew York _c2001 |
||
| 300 | _a518 | ||
| 546 | _aEng. | ||
| 650 |
_aAccounting _vNarrative Reports |
||
| 942 | _cBK | ||
| 999 |
_c1106 _d1106 |
||